| 000 | 00676nam a2200193Ii 4500 | ||
|---|---|---|---|
| 003 | JO-AjNU | ||
| 008 | 230605s9999||||xx |||||||||||||| ||und|| | ||
| 040 |
_aJO-AjNU _bara _erda _cJO-AjNU |
||
| 041 | _aara | ||
| 050 | 1 | 4 | _aRC438 1966 |
| 100 | 3 |
_aوليم/ م مشارك منجر وليف, _eauthor _915894 |
|
| 245 | 0 | 0 | _aاضواء الطب النفسي على الشخصية والسلوك |
| 264 | 3 | 1 | _aالقاهرة:مكتبة القاهرة الحديثة ، 1966 |
| 300 | _a236ص | ||
| 336 |
_atext _btxt _2rdacontent |
||
| 337 |
_aunmediated _bn _2rdamedia |
||
| 338 |
_avolume _bnc _2rdacarrier |
||
| 650 | 4 |
_aالطب النفسي -العلاج النفسي _915895 |
|
| 999 |
_aA4593 _c8161 _d8161 |
||